| 000 | 00468nam a22001457a 4500 | ||
|---|---|---|---|
| 082 | _aT-119 | ||
| 100 |
_aAbdul Qadir Bhatti _948453 |
||
| 245 |
_aDesign of structural enhancement of multistoried buildings in nuclear environment with applicatio to protection shelters _cAbdul Qadir Bhatti |
||
| 260 |
_aRisalpur _bMCE _c2001 |
||
| 300 | _axv, 195.p: | ||
| 526 |
_a0 _b0 _c0 _dT_119 |
||
| 650 |
_aThesis _934811 |
||
| 700 |
_aAbdul Qadir Bhatti _948453 |
||
| 942 |
_2ddc _cBK |
||
| 999 |
_c551400 _d551400 |
||